UBT Library

Adler's physiology of the eye : (Record no. 39272)

000 -LEADER
fixed length control field 00725cam a2200253 a 4500
001 - CONTROL NUMBER
control field 3824036
005 - DATE AND TIME OF LATEST TRANSACTION
control field 20171221080752.0
008 - FIXED-LENGTH DATA ELEMENTS--GENERAL INFORMATION
fixed length control field 860709s1987 moua b 001 0 eng c
010 ## - LIBRARY OF CONGRESS CONTROL NUMBER
LC control number 86016180
020 ## - INTERNATIONAL STANDARD BOOK NUMBER
International Standard Book Number 0801635640
040 ## - CATALOGING SOURCE
Original cataloging agency DNLM/DLC
Transcribing agency DLC
Modifying agency DLC
041 ## - LANGUAGE CODE
Language code of text/sound track or separate title eng
060 ## - NATIONAL LIBRARY OF MEDICINE CALL NUMBER
Classification number WW 103 A237p
080 ## - UNIVERSAL DECIMAL CLASSIFICATION NUMBER
Universal Decimal Classification number 612.84 MOS
082 00 - DEWEY DECIMAL CLASSIFICATION NUMBER
Classification number 612.84 MOS
Edition number 19
100 1# - Rafti
Rafti 8
101 ## - Shkurtesa
Shkurtesa OFT
240 10 - UNIFORM TITLE
Uniform title <a href="Physiology of the eye">Physiology of the eye</a>
245 10 - TITLE STATEMENT
Title Adler's physiology of the eye :
Statement of responsibility, etc edited by Robert A. Moses, William M. Hart, Jr.
504 ## - BIBLIOGRAPHY, ETC. NOTE
Bibliography, etc Includes bibliographies and indexes.
740 0# - ADDED ENTRY--UNCONTROLLED RELATED/ANALYTICAL TITLE
Uncontrolled related/analytical title Physiology of the eye.
906 ## - LOCAL DATA ELEMENT F, LDF (RLIN)
a 7
b cbc
c orignew
d 1
e ocip
f 19
g y-gencatlg
942 ## - ADDED ENTRY ELEMENTS (KOHA)
Source of classification or shelving scheme
Item type Books
Holdings
Withdrawn status Lost status Source of classification or shelving scheme Damaged status Not for loan Collection code Permanent location Current location Shelving location Date acquired Total Checkouts Full call number Barcode Date last seen Price effective from Koha item type
          Koleksioni i përgjithshem UBT - Lipjan UBT - Lipjan Koleksioni i përgjithshem 12/21/2017   612.84 MOS 002-2939563 12/21/2017 12/21/2017 Books
          Koleksioni i përgjithshem UBT - Lipjan UBT - Lipjan   03/24/2023   612.84 MOS 002-80003021 03/24/2023 03/24/2023 Books
          Koleksioni i përgjithshem UBT - Lipjan UBT - Lipjan   03/24/2023   612.84 DAV 002-80003022 03/24/2023 03/24/2023 Books
UBT Library © 2015-2024. All rights reserved University Education for Business and Technology